000 00712cab a22002295a 4500
001 L157825
008 130530e20130525xxk 000 0 eng d
035 _a(Sirsi) u157825
041 0 _aeng
100 1 _aMorrison, Adrian
245 0 0 _aFocus
_bScotland
260 _c2013
490 _aEstates Gazette
_v(1321) 25 May 2013, 63-85(19)
520 _aIncludes features on occupier demand, the Edinburgh tram system which is nearing completion, developments in the Scottish office agency scene and a market health check.
590 _aKA
651 4 _aScotland
690 _aCommercial property
_96227
700 1 _aHamilton, Helen
700 1 _aThame, David
700 1 _aPilkington, Lisa
942 _n0
999 _c84472
_d84472